| 000 -LEADER |
| fixed length control field |
01408pam a2200337 a 4500 |
| 001 - CONTROL NUMBER |
| control field |
617066 |
| 003 - CONTROL NUMBER IDENTIFIER |
| control field |
NUST - PNEC |
| 005 - DATE AND TIME OF LATEST TRANSACTION |
| control field |
20170116180846.0 |
| 008 - FIXED-LENGTH DATA ELEMENTS--GENERAL INFORMATION |
| fixed length control field |
921103s1993 nyua b 001 0 eng |
| 010 ## - LIBRARY OF CONGRESS CONTROL NUMBER |
| LC control number |
92040048 |
| 020 ## - INTERNATIONAL STANDARD BOOK NUMBER |
| International Standard Book Number |
0195056132 |
| 040 ## - CATALOGING SOURCE |
| Original cataloging agency |
DLC |
| Transcribing agency |
LIBRARY |
| Modifying agency |
DLC |
| 050 00 - LIBRARY OF CONGRESS CALL NUMBER |
| Classification number |
QC611.92 |
| Item number |
.K75 1993 |
| 082 00 - DEWEY DECIMAL CLASSIFICATION NUMBER |
| Classification number |
537.623 KRE |
| 100 1# - MAIN ENTRY--PERSONAL NAME |
| Personal name |
Kresin, Vladimir Z. |
| 245 10 - TITLE STATEMENT |
| Title |
Mechanisms of conventional and high Tc superconductivity / |
| Statement of responsibility, etc. |
Vladimir Z. Kresin, Hans Morawitz, Stuart A. Wolf. |
| 260 ## - PUBLICATION, DISTRIBUTION, ETC. |
| Place of publication, distribution, etc. |
New York : |
| Name of publisher, distributor, etc. |
Oxford University Press, |
| Date of publication, distribution, etc. |
1993. |
| 300 ## - PHYSICAL DESCRIPTION |
| Extent |
xiv, 181 p. : |
| Other physical details |
ill. ; |
| Dimensions |
25 cm. |
| 490 1# - SERIES STATEMENT |
| Series statement |
The International series of monographs on physics ; |
| Volume/sequential designation |
84 |
| 504 ## - BIBLIOGRAPHY, ETC. NOTE |
| Bibliography, etc. note |
Includes bibliographical references (p. [166]-178) and index. |
| 650 #0 - SUBJECT ADDED ENTRY--TOPICAL TERM |
| Topical term or geographic name entry element |
Superconductivity. |
| 650 #0 - SUBJECT ADDED ENTRY--TOPICAL TERM |
| Topical term or geographic name entry element |
High temperature superconductivity. |
| General subdivision |
ME, EE |
| 700 1# - ADDED ENTRY--PERSONAL NAME |
| Personal name |
Morawitz, H. |
| 700 1# - ADDED ENTRY--PERSONAL NAME |
| Personal name |
Wolf, Stuart A. |
| 830 #0 - SERIES ADDED ENTRY--UNIFORM TITLE |
| Uniform title |
International series of monographs on physics (Oxford, England) ; |
| Volume/sequential designation |
84. |
| 856 42 - ELECTRONIC LOCATION AND ACCESS |
| Materials specified |
Publisher description |
| Uniform Resource Identifier |
<a href="http://www.loc.gov/catdir/enhancements/fy0604/92040048-d.html">http://www.loc.gov/catdir/enhancements/fy0604/92040048-d.html</a> |
| 856 41 - ELECTRONIC LOCATION AND ACCESS |
| Materials specified |
Table of contents only |
| Uniform Resource Identifier |
<a href="http://www.loc.gov/catdir/enhancements/fy0604/92040048-t.html">http://www.loc.gov/catdir/enhancements/fy0604/92040048-t.html</a> |
| 906 ## - LOCAL DATA ELEMENT F, LDF (RLIN) |
| a |
7 |
| b |
cbc |
| c |
orignew |
| d |
1 |
| e |
ocip |
| f |
19 |
| g |
y-gencatlg |
| 942 ## - ADDED ENTRY ELEMENTS (KOHA) |
| Source of classification or shelving scheme |
|
| Koha item type |
Book |